[Event "DMP - II liga seniorow "]
[Site "Mrzezyno"]
[Date "2011.??.??"]
[Round "6.19"]
[White "Krogulski, Grzegorz"]
[Black "Sopur, Lech"]
[Result "1-0"]
[WhiteElo "2360"]
[BlackElo "2422"]
[PlyCount "103"]
[EventDate "2011.??.??"]

1. e4 d6 2. d4 c6 3. Nc3 g6 4. Be3 Bg7 5. Qd2 b5 6. f3 Nd7 7. h4 h5 8. Nh3 Nb6
9. Ng5 a5 10. d5 b4 11. Nd1 Bb7 12. Bd4 Nf6 13. dxc6 Bxc6 14. c3 bxc3 15. Qxc3
Ba4 16. b3 Bd7 17. Qe3 Rb8 18. Bd3 O-O 19. O-O a4 20. Nb2 axb3 21. axb3 Nc8 22.
Bc4 Nb6 23. Bd3 Nc8 24. Bc4 Bb5 25. Qc3 e5 26. Bf2 d5 27. Bxb5 Rxb5 28. Qd3 Qd7
29. Rfd1 Qb7 30. Ra3 Re8 31. exd5 Bf8 32. Ra2 Nxd5 33. Nc4 Nb4 34. Qe2 Nxa2 35.
Qxa2 Rd5 36. Re1 Nd6 37. Nxd6 Rxd6 38. b4 Qd5 39. Qb2 Ra6 40. Ne4 Qb5 41. Rb1
Rc6 42. Qd2 Be7 43. Nc3 Qc4 44. Qd7 Rcc8 45. Ne4 Rcd8 46. Qa7 Qc2 47. Re1 Rd1
48. Rxd1 Qxd1+ 49. Kh2 Qd5 50. Qxe7 Rxe7 51. Nf6+ Kg7 52. Nxd5 1-0

[Event "DMP - II liga seniorow "]
[Site "Mrzezyno"]
[Date "2011.09.08"]
[Round "6.20"]
[White "Rawski, Slawomir"]
[Black "Sygulski, Boguslaw"]
[Result "0-1"]
[WhiteElo "2205"]
[BlackElo "2239"]
[PlyCount "86"]
[EventDate "2011.??.??"]

1. Nf3 c5 2. e3 Nf6 3. d4 g6 4. c3 Qc7 5. Nbd2 d6 6. Bd3 Bg7 7. O-O O-O 8. e4
cxd4 9. Nxd4 Nbd7 10. Qe2 a6 11. Re1 b6 12. Nf1 Bb7 13. f3 Rfe8 14. Bg5 e5 15.
Nb3 d5 16. Rad1 dxe4 17. Bxe4 Nxe4 18. fxe4 Nf8 19. Qf2 Re6 20. Ng3 h6 21. Be3
h5 22. Bg5 Nh7 23. Bc1 Rd8 24. Rxd8+ Qxd8 25. Rf1 Qc7 26. Qe2 a5 27. Nh1 Bf8
28. Nf2 a4 29. Na1 a3 30. Nc2 axb2 31. Bxb2 Nf6 32. Kh1 Bc5 33. Qc4 b5 34. Qe2
Bxf2 35. Qxf2 Nxe4 36. Qe3 Qc4 37. Ra1 Rf6 38. h3 Rf1+ 39. Kh2 Rxa1 40. Bxa1 h4
41. Qh6 Ng3 42. Ne3 Qe4 43. Kg1 Nf5 0-1

[Event "DMP - II liga seniorow "]
[Site "Mrzezyno"]
[Date "2011.09.08"]
[Round "6.21"]
[White "Markiewicz, Jerzy"]
[Black "Walkusz, Witoslaw"]
[Result "0-1"]
[WhiteElo "2287"]
[BlackElo "2150"]
[PlyCount "117"]
[EventDate "2011.??.??"]

1. e4 e5 2. Nf3 Nc6 3. Bb5 a6 4. Ba4 Nf6 5. O-O b5 6. Bb3 Be7 7. Re1 d6 8. c3
O-O 9. h3 Bb7 10. d4 Re8 11. Nbd2 Bf8 12. d5 Na5 13. Bc2 Bc8 14. b4 Nb7 15. a4
Bd7 16. Nf1 a5 17. Bg5 h6 18. Bxf6 Qxf6 19. axb5 axb4 20. cxb4 Rxa1 21. Qxa1
Rb8 22. Qa7 Qd8 23. Ra1 Bxb5 24. Ne3 Qc8 25. Ne1 Nd8 26. Bd3 g6 27. Bxb5 Rxb5
28. Nd3 h5 29. Qa6 Qd7 30. Ra5 Rb8 31. Qc4 Bh6 32. Ra7 Rb7 33. Rxb7 Nxb7 34.
Qc6 Qxc6 35. dxc6 Nd8 36. b5 Bxe3 37. fxe3 Ne6 38. Nb4 Kf8 39. Nd5 Ke8 40. Kf2
Kd8 41. h4 Nc5 42. Kf3 Kc8 43. Nc3 Nd3 44. g4 Ne1+ 45. Ke2 Nc2 46. gxh5 gxh5
47. Nb1 Na1 48. Kd3 Nb3 49. Nc3 Kb8 50. Na4 Ka7 51. Kc4 Nd2+ 52. Kd5 Nf1 53.
b6+ Kb8 54. Kc4 cxb6 55. Nxb6 Ng3 56. Kb5 f5 57. exf5 Nxf5 58. Nd5 e4 59. Kb6
0-1

[Event "DMP - II liga seniorow "]
[Site "Mrzezyno"]
[Date "2011.09.08"]
[Round "6.22"]
[White "Zdrojewski, Wojciech"]
[Black "Augustyn, Sebastian"]
[Result "0-1"]
[WhiteElo "2176"]
[BlackElo "2106"]
[PlyCount "108"]
[EventDate "2011.??.??"]

1. e3 g6 2. d4 Bg7 3. f4 d6 4. Nf3 Nf6 5. Bd3 O-O 6. O-O Nbd7 7. c3 e5 8. e4
Qe7 9. Qe2 Nh5 10. fxe5 dxe5 11. Bc4 exd4 12. cxd4 Nb6 13. Bd3 Bg4 14. Qf2 Bxf3
15. gxf3 Rad8 16. e5 Bxe5 17. dxe5 Rxd3 18. f4 Qd7 19. Nc3 Qg4+ 20. Qg2 Qxg2+
21. Kxg2 Rfd8 22. Rf3 Ng7 23. Ne4 Nf5 24. Rxd3 Rxd3 25. Nc5 Rd1 26. Kf3 Nd4+
27. Ke4 Nc2 28. Rb1 Nc4 29. Nb3 b5 30. Kf3 a5 31. Ke2 Rh1 32. a3 Rxh2+ 33. Kd3
Ne1+ 34. Ke4 h5 35. Nd4 h4 36. b3 Nb6 37. Be3 Nc2 38. Nxc2 Rxc2 39. Rh1 Rc3 40.
Bd4 Rxb3 41. Rxh4 Nd7 42. e6 fxe6 43. Rh8+ Kf7 44. Rc8 c5 45. Bxc5 Nxc5+ 46.
Rxc5 Kf6 47. a4 Rb4+ 48. Ke3 Rxa4 49. Rxb5 Ra1 50. Kd2 a4 51. Ra5 a3 52. Kc2 a2
53. Kb2 Rf1 54. Kxa2 Rxf4 0-1

[Event "DMP - II liga seniorow "]
[Site "Mrzezyno"]
[Date "2011.09.08"]
[Round "6.23"]
[White "Markiewicz, Mateusz"]
[Black "Kanarkiewicz, Michal"]
[Result "1-0"]
[WhiteElo "2032"]
[BlackElo "2013"]
[PlyCount "120"]
[EventDate "2011.??.??"]

1. e4 c5 2. Nf3 d6 3. Bb5+ Bd7 4. Bxd7+ Qxd7 5. O-O Nc6 6. c3 Nf6 7. Re1 g6 8.
d4 cxd4 9. cxd4 e5 10. dxe5 dxe5 11. Nc3 Qxd1 12. Rxd1 Bg7 13. Bg5 h6 14. Bxf6
Bxf6 15. Nd5 Bd8 16. b4 f6 17. b5 Na5 18. Rac1 Rh7 19. Ne1 Rd7 20. Nd3 Kf7 21.
g3 h5 22. Kg2 b6 23. N3b4 Nb7 24. Nxb6 Rxd1 25. Rxd1 Bxb6 26. Rd7+ Ke6 27. Rxb7
Rd8 28. Nd5 Bd4 29. Re7+ Kd6 30. Rg7 f5 31. f3 Kc5 32. a4 Kc4 33. Rxg6 fxe4 34.
fxe4 Kd3 35. Kf3 Rc8 36. Rc6 Rf8+ 37. Rf6 Rc8 38. Nb4+ Kd2 39. Nc6 Rc7 40. Rf5
h4 41. gxh4 Bg1 42. Rxe5 Bxh2 43. Re7 Rc8 44. Rxa7 Rf8+ 45. Kg2 Bf4 46. e5 Ke2
47. Rg7 Be3 48. Kh3 Rf1 49. Rg3 Bf2 50. e6 Bxg3 51. Kxg3 Ke3 52. Kg4 Ke4 53.
Kg5 Kd5 54. e7 Re1 55. a5 Kd6 56. a6 Kc7 57. a7 Kb7 58. b6 Ka8 59. Kf6 Rf1+ 60.
Ke6 Re1+ 1-0

[Event "DMP - II liga seniorow "]
[Site "Mrzezyno"]
[Date "2011.09.08"]
[Round "6.24"]
[White "Maszota, Natalia"]
[Black "Jalowiec, Halina"]
[Result "1-0"]
[WhiteElo "2112"]
[BlackElo "2032"]
[PlyCount "65"]
[EventDate "2011.??.??"]

1. d4 d5 2. g3 Nf6 3. Bg2 e6 4. Nf3 c5 5. O-O Nc6 6. c3 Be7 7. Nbd2 O-O 8. dxc5
Bxc5 9. b4 Bb6 10. b5 Na5 11. a4 Re8 12. Qc2 Qc7 13. Bb2 e5 14. e4 dxe4 15.
Nxe4 Nxe4 16. Qxe4 Nc4 17. Ba3 f5 18. Qe2 Bd7 19. Ng5 e4 20. Rfd1 Be6 21. Nxe6
Rxe6 22. Bc1 Ne5 23. Bf4 Qxc3 24. Rac1 Qb4 25. Qa2 Bxf2+ 26. Kxf2 Ng4+ 27. Kg1
Rae8 28. Rc8 Qe7 29. Rxe8+ Qxe8 30. Rd6 Kf7 31. h3 Nf6 32. Bf1 Nd7 33. Rxe6 1-0

[Event "DMP - II liga seniorow "]
[Site "Mrzezyno"]
[Date "2011.09.08"]
[Round "6.26"]
[White "Ciesla, Adam"]
[Black "Tokarski, Lukasz"]
[Result "1-0"]
[WhiteElo "2313"]
[BlackElo "2304"]
[PlyCount "73"]
[EventDate "2011.??.??"]

1. e4 c5 2. c3 Nf6 3. e5 Nd5 4. Nf3 e6 5. Na3 d6 6. exd6 Bxd6 7. Nc4 Be7 8. g3
Nc6 9. Bg2 Qc7 10. O-O O-O 11. Re1 Bf6 12. h4 b5 13. Ne3 Nxe3 14. dxe3 Rb8 15.
e4 Rd8 16. Qc2 e5 17. Nd2 Be6 18. Nf1 Bc4 19. Bg5 Bxg5 20. hxg5 Bd3 21. Qc1 Qe7
22. f4 exf4 23. gxf4 Qc7 24. Ng3 Ne7 25. Qe3 c4 26. Rad1 b4 27. cxb4 Rxb4 28.
Rd2 Ng6 29. Nh5 Qa5 30. b3 Nh4 31. bxc4 Nxg2 32. Kxg2 Bxe4+ 33. Qxe4 Rxd2+ 34.
Kg3 h6 35. g6 Qa3+ 36. Re3 Rxc4 37. gxf7+ 1-0

[Event "DMP - II liga seniorow "]
[Site "Mrzezyno"]
[Date "2011.09.08"]
[Round "6.27"]
[White "Pinkas, Karol"]
[Black "Klekowski, Maciej"]
[Result "1-0"]
[WhiteElo "2320"]
[BlackElo "2271"]
[PlyCount "71"]
[EventDate "2011.??.??"]

1. e4 c5 2. Nf3 Nc6 3. Nc3 Nf6 4. Bb5 Qc7 5. O-O Nd4 6. Nxd4 cxd4 7. Nd5 Nxd5
8. exd5 Qc5 9. c4 a6 10. b4 Qxb4 11. Ba4 g6 12. d3 Bg7 13. Bd2 Qa3 14. Qc2 O-O
15. Rfe1 Bf6 16. Bh6 Rd8 17. c5 d6 18. c6 bxc6 19. dxc6 Bf5 20. Red1 Rdc8 21.
h3 Rab8 22. g4 Be6 23. Rab1 Rb4 24. Bb3 Rb5 25. Bxe6 fxe6 26. Rxb5 axb5 27. Qe2
e5 28. Qf3 g5 29. Qd5+ Kh8 30. Qxb5 Qc5 31. Rb1 Kg8 32. Qxc5 dxc5 33. Rb6 e4
34. dxe4 c4 35. Kf1 c3 36. Ke2 1-0

[Event "DMP - II liga seniorow "]
[Site "Mrzezyno"]
[Date "2011.09.08"]
[Round "6.28"]
[White "Piesik, Piotr"]
[Black "Kolosowski, Pawel"]
[Result "1/2-1/2"]
[WhiteElo "2206"]
[BlackElo "2302"]
[PlyCount "68"]
[EventDate "2011.??.??"]

1. Nf3 d6 2. d4 Nf6 3. g3 g6 4. Bg2 Bg7 5. O-O O-O 6. Nbd2 Nc6 7. e4 e5 8. dxe5
dxe5 9. c3 Qe7 10. Qe2 a5 11. b3 Rd8 12. a4 h6 13. Nc4 b6 14. Ba3 Qe6 15. Rfd1
Ba6 16. Nfd2 h5 17. Qe1 Bh6 18. Bf1 Rd7 19. Nf3 Rxd1 20. Rxd1 Bb7 21. Bc1 Bxc1
22. Rxc1 Qg4 23. Ncxe5 Nxe5 24. Nxe5 Qxe4 25. Qxe4 Bxe4 26. Bc4 Bd5 27. Bxd5
Nxd5 28. c4 Nf6 29. Rd1 Re8 30. f4 Ng4 31. Nxg4 hxg4 32. Kf2 Re7 33. Rd5 Kg7
34. Rd8 Kf6 1/2-1/2

[Event "DMP - II liga seniorow "]
[Site "Mrzezyno"]
[Date "2011.09.08"]
[Round "6.29"]
[White "Tokarski, Bartosz"]
[Black "Bednarski, Dawid"]
[Result "1-0"]
[WhiteElo "2155"]
[BlackElo "1941"]
[PlyCount "79"]
[EventDate "2011.??.??"]

1. e4 c5 2. Nf3 Nc6 3. d4 cxd4 4. Nxd4 Nf6 5. Nc3 e5 6. Ndb5 d6 7. Bg5 a6 8.
Na3 b5 9. Nd5 Be7 10. Bxf6 Bxf6 11. c3 O-O 12. Nc2 Bg5 13. a4 bxa4 14. Rxa4 a5
15. Bc4 Rb8 16. Ra2 Kh8 17. Nce3 g6 18. h4 Bxh4 19. g3 Bg5 20. f4 exf4 21. gxf4
Bh4+ 22. Kf1 f5 23. b4 Rb7 24. b5 Nb8 25. Rah2 Bf6 26. Nxf6 Qxf6 27. Nd5 Qg7
28. Rxh7+ Qxh7 29. Qd4+ Rg7 30. Rxh7+ Kxh7 31. Nf6+ Kh6 32. Qg1 Rb7 33. Qg5+
Kg7 34. Ng8 Rxg8 35. Bxg8 Rxb5 36. Bd5 fxe4 37. Qe7+ Kh6 38. Qf8+ Kh5 39. Qxc8
Rxd5 40. Qh3# 1-0

[Event "DMP - II liga seniorow "]
[Site "Mrzezyno"]
[Date "2011.09.08"]
[Round "6.30"]
[White "Pacak, Patrycja"]
[Black "Guzik, Jolanta"]
[Result "0-1"]
[WhiteElo "1754"]
[BlackElo "2150"]
[PlyCount "112"]
[EventDate "2011.??.??"]

1. e4 d5 2. exd5 Qxd5 3. Nc3 Qa5 4. d4 Nf6 5. Bc4 c6 6. Nf3 Bg4 7. Qe2 e6 8.
Bf4 Bb4 9. Bd2 Qc7 10. O-O-O Nbd7 11. d5 cxd5 12. Bxd5 O-O 13. Bb3 Nc5 14. h3
Nxb3+ 15. axb3 Bh5 16. g4 Bg6 17. Ne5 Rac8 18. Be1 Qa5 19. Kb1 Rfd8 20. Nxg6
hxg6 21. h4 Rxd1+ 22. Qxd1 Rc6 23. h5 Ra6 24. Na4 Bxe1 25. Qxe1 Qxe1+ 26. Rxe1
gxh5 27. gxh5 Nxh5 28. Rd1 g5 29. Nc5 Rb6 30. Rg1 f6 31. Rh1 Rb5 32. Nxe6 Ng7
33. Nd4 Rd5 34. c3 Kf7 35. Re1 Nf5 36. Nf3 g4 37. Nh2 Nh6 38. Rg1 f5 39. Kc2
Kf6 40. Rg2 Ke5 41. Rg3 Rd7 42. Re3+ Kf4 43. Nf1 Nf7 44. Nd2 Ng5 45. Nc4 Ne4
46. Re1 b5 47. f3 bxc4 48. fxe4 cxb3+ 49. Kxb3 fxe4 50. c4 e3 51. c5 Kf3 52.
Kc2 Kf2 53. Ra1 e2 54. c6 Rd6 55. b4 Rxc6+ 56. Kd2 Rd6+ 0-1

[Event "DMP - II liga seniorow "]
[Site "Mrzezyno"]
[Date "2011.09.08"]
[Round "6.32"]
[White "Matras-clement, Agnieszka"]
[Black "Wandzik, Wojciech"]
[Result "1-0"]
[WhiteElo "2272"]
[BlackElo "2244"]
[PlyCount "139"]
[EventDate "2011.??.??"]

1. e4 d5 2. exd5 Qxd5 3. Nc3 Qa5 4. d4 Nf6 5. Nf3 c6 6. Bc4 Bf5 7. Bd2 e6 8.
Qe2 Bb4 9. O-O-O Nbd7 10. Kb1 O-O-O 11. a3 Bxc3 12. Bxc3 Qc7 13. Bd2 Kb8 14.
Bb3 Nd5 15. Nh4 N7f6 16. Nxf5 exf5 17. Qf3 Qd7 18. c4 Nc7 19. Bf4 Ne4 20. g4
Nf6 21. Bxc7+ Kxc7 22. gxf5 Kb8 23. Rhg1 Rhg8 24. Bc2 Qd6 25. Qg3 Kc7 26. Rge1
Qxg3 27. hxg3 Rge8 28. Rxe8 Rxe8 29. Rd2 Re1+ 30. Ka2 Ng4 31. Bd3 Kd7 32. Kb3
Rh1 33. Kc3 Rc1+ 34. Kb4 Rg1 35. Be4 Nf6 36. Bf3 Kd6 37. Re2 Rd1 38. Kc3 Rc1+
39. Kd3 Rd1+ 40. Rd2 Re1 41. Rd1 Re8 42. b4 Rh8 43. Rb1 a6 44. a4 Ra8 45. Re1
Rb8 46. c5+ Kd7 47. Kc4 g6 48. fxg6 hxg6 49. g4 g5 50. Re5 Rg8 51. Rf5 Rg6 52.
b5 axb5+ 53. axb5 Kc7 54. d5 cxd5+ 55. Bxd5 b6 56. c6 Nxg4 57. Rxf7+ Kc8 58.
Kd4 Rf6 59. Rxf6 Nxf6 60. Ke5 Ne8 61. Bf7 Nc7 62. Bc4 Ne8 63. Bd3 Kc7 64. Kf5
Kd6 65. Kxg5 Ke7 66. f4 Nc7 67. f5 Ne8 68. Kg6 Kf8 69. f6 Nd6 70. c7 1-0

[Event "DMP - II liga seniorow "]
[Site "Mrzezyno"]
[Date "2011.09.08"]
[Round "6.33"]
[White "Flasinski, Michal"]
[Black "Tobolski, Jakub"]
[Result "1-0"]
[WhiteElo "2235"]
[BlackElo "2099"]
[PlyCount "87"]
[EventDate "2011.??.??"]

1. d4 Nf6 2. c4 g6 3. Nc3 Bg7 4. e4 d6 5. Nf3 O-O 6. h3 e5 7. d5 Nh5 8. Nh2 Qe8
9. Be2 Nf4 10. Bf3 f5 11. h4 b5 12. Nxb5 fxe4 13. Bxe4 Na6 14. O-O Qe7 15. g3
Nc5 16. Bf3 Nfd3 17. Nc3 Rb8 18. Bg5 Qf7 19. b3 e4 20. Nxe4 Nxe4 21. Bxe4 Bxa1
22. Qxa1 Ne5 23. Bg2 h5 24. Qd4 Bf5 25. Bd2 Bg4 26. Bc3 Kh7 27. f4 Nd7 28. Nxg4
hxg4 29. f5 Ne5 30. Be4 Kg8 31. Rf4 gxf5 32. Bxf5 Qxf5 33. Rxf5 Rxf5 34. Qd1
Nf3+ 35. Kg2 Re8 36. Qd3 Ref8 37. Qe2 Kh7 38. Qe4 Ne5 39. Bxe5 dxe5 40. Qxg4
Rf2+ 41. Kh3 Rxa2 42. Qh5+ Kg8 43. Qg5+ Kf7 44. Qxe5 1-0

[Event "DMP - II liga seniorow "]
[Site "Mrzezyno"]
[Date "2011.09.08"]
[Round "6.34"]
[White "Cichy, Kamil"]
[Black "Dudys, Jakub"]
[Result "1-0"]
[WhiteElo "1946"]
[BlackElo "2185"]
[PlyCount "67"]
[EventDate "2011.??.??"]

1. e4 c5 2. Nf3 e6 3. c4 Nc6 4. Nc3 Nge7 5. Be2 Nd4 6. Nxd4 cxd4 7. Nb1 Nc6 8.
d3 d5 9. O-O dxc4 10. dxc4 b6 11. Bd3 Bb7 12. f4 Bc5 13. a3 a5 14. Qg4 O-O 15.
Nd2 e5 16. f5 Be7 17. Rf3 Bg5 18. Nf1 Bxc1 19. Rxc1 f6 20. Rh3 Ba6 21. Bb1 Kh8
22. Ba2 h6 23. Ng3 Qe7 24. Nh5 Ra7 25. c5 bxc5 26. Bd5 Nd8 27. Qg6 Qe8 28. Qg4
d3 29. Rxc5 Qe7 30. Rc1 Rc7 31. Rd1 Rc2 32. Qg6 Rf7 33. Nxg7 Rxg2+ 34. Kxg2 1-0

[Event "DMP - II liga seniorow "]
[Site "Mrzezyno"]
[Date "2011.09.08"]
[Round "6.35"]
[White "Gola, Karol"]
[Black "Smolka, Marcin"]
[Result "1-0"]
[WhiteElo "2163"]
[BlackElo "1891"]
[PlyCount "115"]
[EventDate "2011.??.??"]

1. e4 e5 2. Nf3 Nc6 3. Nc3 Nf6 4. d4 exd4 5. Nxd4 Bb4 6. Nxc6 bxc6 7. Bd3 d5 8.
exd5 cxd5 9. O-O O-O 10. Bg5 c6 11. Qf3 Bd6 12. Rfe1 h6 13. Bxf6 Qxf6 14. Qxf6
gxf6 15. Ne2 Rb8 16. b3 Be5 17. Rad1 Bd7 18. Ng3 Rfe8 19. Re3 Kf8 20. Nf5 Bxf5
21. Bxf5 Re7 22. g3 Rbe8 23. Kg2 Bb2 24. Rf3 Re1 25. Rxe1 Rxe1 26. Bd7 c5 27.
Rd3 d4 28. Rf3 Re2 29. Bf5 Ke7 30. Bd3 Re5 31. Rf4 Bc1 32. Rg4 Rg5 33. Rh4 Rg8
34. f4 Rh8 35. Rh5 Ba3 36. Kf3 Kd6 37. g4 Bb4 38. h4 Re8 39. Be4 Rh8 40. g5
fxg5 41. hxg5 Ke6 42. Bd3 Ba5 43. Bc4+ Ke7 44. gxh6 Bb4 45. h7 Kf6 46. Bd3 Kg7
47. Rg5+ Kf8 48. Rd5 Ke7 49. Re5+ Kf8 50. Kg4 Kg7 51. Rg5+ Kf8 52. Kh5 Bd2 53.
Rg4 Bb4 54. Kg5 a5 55. Kf6 a4 56. Rg7 c4 57. Rxf7+ Ke8 58. bxc4 1-0

[Event "DMP - II liga seniorow "]
[Site "Mrzezyno"]
[Date "2011.09.08"]
[Round "6.36"]
[White "Dziodzio, Angelika"]
[Black "Krasnodebska, Magdalena"]
[Result "1-0"]
[WhiteElo "1939"]
[BlackElo "2021"]
[PlyCount "35"]
[EventDate "2011.??.??"]

1. e4 d5 2. exd5 Qxd5 3. Nf3 Nf6 4. d4 Bg4 5. Be2 Nbd7 6. c4 Qh5 7. O-O e5 8.
dxe5 Nxe5 9. Re1 Rd8 10. Bd2 Nxf3+ 11. Bxf3+ Be7 12. Qa4+ c6 13. Bb4 Rd7 14.
Qa3 O-O 15. Rxe7 Rd4 16. Nd2 Rfd8 17. Rae1 Rd3 18. Qxd3 1-0

[Event "DMP - II liga seniorow "]
[Site "Mrzezyno"]
[Date "2011.09.08"]
[Round "6.37"]
[White "Gralka, Julian"]
[Black "Wisniewski, Adrian"]
[Result "0-1"]
[WhiteElo "2247"]
[BlackElo "2373"]
[PlyCount "66"]
[EventDate "2011.??.??"]

1. d4 Nf6 2. c4 g6 3. Nc3 Bg7 4. e4 d6 5. Nf3 O-O 6. Be2 e5 7. O-O Nc6 8. d5
Ne7 9. Ne1 Nd7 10. f3 f5 11. g4 Nf6 12. Nd3 Kh8 13. Bd2 c6 14. Kh1 f4 15. b4 g5
16. Rc1 h5 17. h3 Rf7 18. c5 Ng6 19. dxc6 bxc6 20. cxd6 Bf8 21. Rf2 Rh7 22. Rh2
Bxd6 23. Be1 hxg4 24. hxg4 Rxh2+ 25. Kxh2 Kg7 26. Bf2 Be6 27. Nc5 Qh8+ 28. Kg2
Bxc5 29. Bxc5 Rd8 30. Qa4 Nxg4 31. fxg4 f3+ 32. Bxf3 Nf4+ 33. Kg1 Qh3 0-1

[Event "DMP - II liga seniorow "]
[Site "Mrzezyno"]
[Date "2011.09.08"]
[Round "6.39"]
[White "Wozniak, Marcin"]
[Black "Zgadzaj, Rafal"]
[Result "1-0"]
[WhiteElo "2200"]
[BlackElo "2251"]
[PlyCount "91"]
[EventDate "2011.??.??"]

1. c4 e6 2. g3 f5 3. Bg2 Nf6 4. Nf3 Be7 5. O-O O-O 6. b3 d6 7. Bb2 e5 8. d3 Qe8
9. Nc3 Qh5 10. Nd5 Nxd5 11. cxd5 Rf6 12. Rc1 Bd8 13. Rc4 Nd7 14. Rh4 Qe8 15.
Bc1 h6 16. Be3 f4 17. gxf4 Rf8 18. fxe5 Bxh4 19. e6 Bf6 20. exd7 Bxd7 21. Qc2
c6 22. Qc4 Kh8 23. Qb4 Qb8 24. Bf4 c5 25. Qd2 Bg4 26. Kh1 Qc7 27. Bg3 Qe7 28.
Ng1 Bh4 29. e4 Bxg3 30. hxg3 Qf7 31. Bh3 Bf3+ 32. Nxf3 Qxf3+ 33. Kg1 b5 34. Bg2
Qf6 35. Qe2 Qd4 36. Bh3 a5 37. Bd7 Qb4 38. e5 dxe5 39. Qxe5 a4 40. Bc6 Rab8 41.
bxa4 Qxa4 42. Qb2 Rf3 43. d6 Rxd3 44. d7 Rd4 45. Qe2 Rg8 46. Bxb5 1-0

[Event "DMP - II liga seniorow "]
[Site "Mrzezyno"]
[Date "2011.09.08"]
[Round "6.40"]
[White "Malecki, Rafal"]
[Black "Bokiej, Przemyslaw"]
[Result "1/2-1/2"]
[WhiteElo "2178"]
[BlackElo "2125"]
[PlyCount "91"]
[EventDate "2011.??.??"]

1. Nf3 d5 2. g3 Nc6 3. Bg2 e5 4. d3 f5 5. O-O Nf6 6. c4 dxc4 7. Qa4 Bd6 8. Qxc4
Bd7 9. Bg5 h6 10. Bxf6 Qxf6 11. Nc3 Qf7 12. Nd2 Na5 13. Qd5 Qxd5 14. Nxd5 c6
15. Ne3 O-O 16. a3 Be6 17. b4 Nb3 18. Nxb3 Bxb3 19. Rfb1 Be6 20. b5 Rac8 21.
bxc6 bxc6 22. Rc1 f4 23. Nc4 Bxc4 24. Rxc4 c5 25. Bd5+ Kh7 26. Ra4 Rc7 27. Ra6
Rd8 28. Rb1 Bf8 29. Rb7 Rxb7 30. Bxb7 Rd7 31. Rxa7 g6 32. Ra8 Rxb7 33. Rxf8 Kg7
34. Rc8 Rb5 35. Rc6 fxg3 36. hxg3 Ra5 37. Re6 c4 38. dxc4 Kf7 39. Rc6 Rxa3 40.
Kg2 Kg7 41. Rc8 Kf6 42. c5 Kg5 43. c6 Rc3 44. c7 e4 45. Re8 Rxc7 46. Rxe4
1/2-1/2

[Event "DMP - II liga seniorow "]
[Site "Mrzezyno"]
[Date "2011.09.08"]
[Round "6.41"]
[White "Mazalon, Mariusz"]
[Black "Chojnacki, Slawomir"]
[Result "0-1"]
[WhiteElo "2023"]
[BlackElo "2237"]
[PlyCount "86"]
[EventDate "2011.??.??"]

1. d4 d5 2. c4 c6 3. Nf3 Nf6 4. Nbd2 Bf5 5. g3 e6 6. Bg2 h6 7. O-O Bh7 8. b3
Be7 9. Bb2 O-O 10. e3 Nbd7 11. Qe2 a5 12. a3 Qb6 13. c5 Qa6 14. Qxa6 Rxa6 15.
Rfc1 Rb8 16. Bf1 Ra7 17. b4 b5 18. Ne5 Rc8 19. f3 Nxe5 20. dxe5 Nd7 21. f4 f6
22. Bh3 Kf7 23. Nb3 fxe5 24. bxa5 Bd3 25. fxe5 Bg5 26. Bd4 Bc4 27. Rc3 Ke7 28.
Bg4 g6 29. h4 h5 30. Bd1 Bh6 31. Nd2 Rxa5 32. Rb1 Rca8 33. a4 bxa4 34. Nxc4
dxc4 35. Rxc4 a3 36. Ra1 Bg7 37. Rb4 Bxe5 38. Rb7 Bxg3 39. Bf3 Rb8 40. Bxc6
Rxb7 41. Bxb7 Nxc5 42. Bxc5+ Rxc5 43. Rxa3 Bxh4 0-1

[Event "DMP - II liga seniorow "]
[Site "Mrzezyno"]
[Date "2011.09.08"]
[Round "6.42"]
[White "Tymrakiewicz, Marianna"]
[Black "Wesolowska, Edyta"]
[Result "1/2-1/2"]
[WhiteElo "1870"]
[BlackElo "1957"]
[PlyCount "111"]
[EventDate "2011.??.??"]

1. Nf3 d5 2. d4 Nf6 3. e3 e6 4. Bd3 c5 5. b3 a5 6. O-O Be7 7. c4 Nc6 8. Bb2 O-O
9. Nc3 b6 10. Rc1 Ba6 11. Qe2 Ra7 12. Ne5 Qa8 13. Nb5 Bxb5 14. cxb5 Nxe5 15.
dxe5 Nd7 16. Qh5 g6 17. Qg4 a4 18. f4 Kh8 19. Qe2 f5 20. exf6 Bxf6 21. e4 axb3
22. axb3 Ra2 23. e5 Bg7 24. Bb1 Ra5 25. h4 Qe8 26. g3 Kg8 27. Rf2 Rf7 28. Bd3
Ra2 29. Bb1 Ra5 30. Rh2 Nf8 31. Bd3 Ra2 32. Qg4 Bh8 33. Rcc2 Rg7 34. Qe2 Raa7
35. Bc3 Ra3 36. Rb2 c4 37. Bc2 Qxb5 38. Bd4 Qa6 39. bxc4 dxc4 40. Rxb6 Rxg3+
41. Kf2 Qa3 42. Be3 Rxe3 43. Qxe3 Qa7 44. Rc6 Qa2 45. Qe4 Rf7 46. Kg3 Qa3+ 47.
Kg2 Rd7 48. Rd6 Rxd6 49. exd6 Qxd6 50. Kf3 Qd5 51. Rg2 Bf6 52. Rh2 h5 53. Kg3
Kf7 54. Re2 Qxe4 55. Rxe4 c3 56. Rc4 1/2-1/2

[Event "DMP - II liga seniorow "]
[Site "Mrzezyno"]
[Date "2011.09.08"]
[Round "6.43"]
[White "Jasnikowski, Zbigniew"]
[Black "Kalvaitis, Sigitas"]
[Result "1/2-1/2"]
[WhiteElo "2376"]
[BlackElo "2273"]
[PlyCount "41"]
[EventDate "2011.??.??"]

1. d4 Nf6 2. c4 e6 3. Nf3 b6 4. g3 Bb7 5. Bg2 Be7 6. O-O O-O 7. Nc3 Na6 8. Ne5
Bxg2 9. Kxg2 Qc8 10. e4 Bb4 11. Qf3 Bxc3 12. bxc3 Qb7 13. Re1 d6 14. Bg5 dxe5
15. Bxf6 gxf6 16. Qxf6 Qc8 17. Qg5+ Kh8 18. Qf6+ Kg8 19. Qg5+ Kh8 20. Qf6+ Kg8
21. Qg5+ 1/2-1/2

[Event "DMP - II liga seniorow "]
[Site "Mrzezyno"]
[Date "2011.09.08"]
[Round "6.45"]
[White "Zyla, Janusz"]
[Black "Cajbel, Maciej"]
[Result "0-1"]
[WhiteElo "2208"]
[BlackElo "2224"]
[PlyCount "64"]
[EventDate "2011.??.??"]

1. e4 c5 2. Nf3 e6 3. d4 cxd4 4. Nxd4 Nc6 5. Nc3 Qc7 6. Be2 a6 7. O-O Nf6 8. a3
Nxd4 9. Qxd4 Bc5 10. Qd3 b5 11. Bf3 Rb8 12. g3 Bd6 13. Be3 h5 14. Rad1 Be5 15.
Bd4 d6 16. Bg2 h4 17. f4 Bxd4+ 18. Qxd4 Qb6 19. Bf3 hxg3 20. hxg3 Ke7 21. Qxb6
Rxb6 22. Rd4 e5 23. fxe5 dxe5 24. Rd5 Ke6 25. Rc5 Rd6 26. Nd5 Nxd5 27. Bg4+ Ke7
28. Bxc8 Nf6 29. Rxe5+ Kd8 30. Bb7 Rd2 31. Rf2 Rxf2 32. Kxf2 Ng4+ 0-1

[Event "DMP - II liga seniorow "]
[Site "Mrzezyno"]
[Date "2011.09.08"]
[Round "6.46"]
[White "Jagodzinski, Piotr"]
[Black "Kolasinski, Krzysztof"]
[Result "1/2-1/2"]
[WhiteElo "2162"]
[BlackElo "2010"]
[PlyCount "75"]
[EventDate "2011.??.??"]

1. Nf3 Nf6 2. b3 d5 3. Bb2 Bf5 4. e3 e6 5. Be2 Be7 6. d3 Nbd7 7. Nbd2 c6 8. a3
h6 9. c4 e5 10. cxd5 cxd5 11. Nf1 O-O 12. Ng3 Bh7 13. O-O Rc8 14. Nh4 Re8 15.
Nhf5 Bxf5 16. Nxf5 Bf8 17. Rc1 Qb6 18. Rxc8 Rxc8 19. Ng3 g6 20. Re1 Bd6 21. Nf1
a5 22. Nd2 Bc5 23. Bf3 Qd6 24. Qa1 b5 25. Rc1 Rc7 26. Be2 d4 27. exd4 Bxd4 28.
Rxc7 Qxc7 29. Bxd4 exd4 30. b4 axb4 31. axb4 Qc2 32. Qd1 Qc3 33. Nf3 Nd5 34.
Qd2 Kg7 35. Qa2 Qc1+ 36. Bf1 Nc3 37. Qd2 Qxd2 38. Nxd2 1/2-1/2

[Event "DMP - II liga seniorow "]
[Site "Mrzezyno"]
[Date "2011.09.08"]
[Round "6.48"]
[White "Hermanowicz, Dominika"]
[Black "Barburzynska, Magdalena"]
[Result "0-1"]
[WhiteElo "2088"]
[BlackElo "1932"]
[PlyCount "82"]
[EventDate "2011.??.??"]

1. Nc3 c5 2. Nf3 Nc6 3. e4 g6 4. Bb5 Bg7 5. O-O Nf6 6. Re1 O-O 7. h3 a6 8. Bxc6
bxc6 9. d3 d6 10. Be3 Rb8 11. Rb1 Qc7 12. Qd2 Rd8 13. Bh6 Bh8 14. Bg5 Ne8 15.
Nd1 Ng7 16. c3 Ne6 17. Bh4 Qa7 18. Nh2 d5 19. e5 c4 20. d4 c5 21. Nf3 a5 22.
Ne3 cxd4 23. cxd4 a4 24. Nc2 Rb6 25. Qe3 Qb7 26. Qa3 Rd7 27. Ne3 Nf4 28. Nd1
Rc7 29. Qxa4 Bd7 30. Qa3 Bf5 31. Ra1 Nd3 32. Re2 Bg7 33. Bg5 Bf8 34. Qc3 e6 35.
a3 Rb3 36. Qd2 Nxb2 37. Nc3 Nd3 38. Bf6 Rb2 39. Qe3 Qb3 40. Nd1 Rxe2 41. Qxe2
c3 0-1

[Event "DMP - II liga seniorow "]
[Site "Mrzezyno"]
[Date "2011.09.08"]
[Round "6"]
[White "Diczew, Filip"]
[Black "Brzezinski, Mateusz"]
[Result "1/2-1/2"]
[WhiteElo "2158"]
[BlackElo "2017"]
[PlyCount "76"]
[EventDate "2011.??.??"]

1. e4 c5 2. c4 Nc6 3. Nc3 g6 4. g3 Bg7 5. Bg2 d6 6. d3 Nd4 7. h3 e6 8. Nge2 Ne7
9. Rb1 Nec6 10. a3 a5 11. O-O O-O 12. Nxd4 Nxd4 13. Bd2 Qe7 14. Ne2 Ra7 15. Bc3
a4 16. Nxd4 Bxd4 17. Bxd4 cxd4 18. Qd2 Qc7 19. b4 axb3 20. Rxb3 Bd7 21. Rfb1
Bc6 22. f4 e5 23. f5 f6 24. Rf1 g5 25. Bf3 Rfa8 26. Ra1 Ba4 27. Rb4 Bc6 28. Qc1
Qa5 29. Qb2 Qc5 30. Bd1 Ra5 31. Kg2 R8a6 32. a4 Qa7 33. Qb3 Rc5 34. Rb1 Kg7 35.
Kf3 Qa8 36. Kf2 Ra7 37. Qc2 Qe8 38. Qb3 Qa8 1/2-1/2